Countries that start with C - Statistics

General Stats
  • This quiz has been taken 42 times
    40 since last reset
  • The average score is 14 of 16
Answer Stats
Continent Answer % Correct
South America Chile
100%
Africa Cameroon
94%
North America Canada
94%
Africa Chad
94%
Asia China
94%
Asia Cambodia
91%
South America Colombia
91%
Europe Croatia
91%
North America Cuba
91%
Europe Cyprus
89%
Europe Czech Republic
89%
Africa Comoros
86%
North America Costa Rica
83%
Africa Central African Republic
80%
Africa Cape Verde
74%
Africa Cote d'Ivoire
43%
No matching quizzes found
Score Distribution
Percent of People with Each Score
Percentile by Number Answered
Your Score History
You have not taken this quiz since the last reset